Score 0/44 Timer 04:00
0 Plays Today
Clue Word % Correct
A group that plays musicBAND
89.9%
A financial institutionBANK
88.7%
Eject salivaSPIT
86.2%
Rotation of the ball●SPIN●
85.2%
____[rung 7]: a shot on your non-dominant side●BACK●
82.8%
Taste directly with your tongueLICK
81.2%
Court surface of the French Open●CLAY●
80.9%
Black, Mediterranean, and CaribbeanSEAS
80.7%
Usually need to win two or three of these to win●SETS●
80.5%
How one gets on a chairSITS
79.6%
Not having enough of somethingLACK
79.4%
Engage in a game of tennis●PLAY●
77.2%
Court surface of the US and Australian Open●HARD●
75.6%
Hospital divisionWARD
75.1%
Display to the audienceSHOW
74.3%
[rung 4]____ / [rung 37]____: a shot on your non-dominant/dominant side●HAND●
74.1%
Move at a low speedSLOW
72.5%
A shelled saltwater molluskCLAM
71.5%
Zero points in a [rung 44]●LOVE●
71%
Green citrus fruitLIME
70.5%
What a dead person can't doLIVE
68.5%
Extend acrossSPAN
67.6%
Clue Word % Correct
Thin metal flexible threadWIRE
67.4%
Mineral springsSPAS
66.6%
Hit the ball●SHOT●
66.4%
A place where an event is occurringSITE
66.3%
Merchandise, goods, or articlesWARE
66.2%
One of four major tennis tournaments●SLAM●
65.4%
A certain position on the floorSPOT
64.4%
Turn over soil to prepare it for planting of seedsPLOW
64%
Additional amountMORE
63.4%
Change positionMOVE
63.1%
A cunning plan or schemePLOY
62.8%
____[rung 7]: a shot on your dominant side●FORE●
59.4%
Not coolLAME
55.4%
Singles and doubles lines are also called ____lines●SIDE●
52.3%
Thin narrow piece of woodSLAT
52.1%
A shot that lands out by missing the [rung 13]line●WIDE●
49.3%
Type of tennis shot where the ball has no spin●FLAT●
46.4%
A hold or break of serve●GAME●
42.2%
Spin serve that makes the ball bounce high in the air●KICK●
39.8%
Small bubbles on top of waterFOAM
37.3%
Your technique●FORM●
36.8%
Two single strokes on the drum with alternating handsFLAM
28.9%

Today's Daily Dose

Remove Ads.
Support Sporcle.
Get the best of Sporcle when you Go Orange. This ad-free experience offers more features, more stats, and more fun while also helping to support Sporcle. Thank you for becoming a member.

You're not logged in!

Compare scores with friends on all Sporcle quizzes.
OR
Log In

Show Comments

Extras

Top Quizzes Today


Score Distribution

Your Account Isn't Verified!

In order to create a playlist on Sporcle, you need to verify the email address you used during registration. Go to your Sporcle Settings to finish the process.

Report this User

Report this user for behavior that violates our Community Guidelines.

Details: